Visualizzazione normale
Vista MARC
- Marsden Gerry
di Personal Name
Records bibliografici associati: 1
001 - CONTROL NUMBER
- control field: 30035
003 - CONTROL NUMBER IDENTIFIER
- control field: IT-RoPau
005 - DATE AND TIME OF LATEST TRANSACTION
- control field: 20140616223357.0
008 - FIXED-LENGTH DATA ELEMENTS
- fixed length control field: 140616|| aca||aabn | a|a d
040 ## - CATALOGING SOURCE
- Original cataloging agency: IT-RoPau
- Transcribing agency: IT-RoPau
100 ## - HEADING--PERSONAL NAME
- Personal name: Marsden Gerry
- Dates associated with a name: Codice autore SPICS: 41259
- Relator term: Autore
- Name of part/section of a work: You'll Never Walk Alone
670 ## - SOURCE DATA FOUND
- Source citation: Work cat.: (IT-RoPau)99326: AA.VV. 794, Gloryland Worldcup Usa 94